Countries in the Shanghai Cooperation Organisation (SCO) - Statistics

General Stats
  • This quiz has been taken 116 times
    80 since last reset
  • The average score is 13 of 18
Answer Stats
Hint Answer % Correct
Member China
92%
Member Russia
90%
Member India
83%
Member Pakistan
83%
Observer Iran
79%
Member Tajikistan
77%
Member Uzbekistan
77%
Member Kazakhstan
75%
Observer Mongolia
75%
Observer Afghanistan
67%
Dialogue Partner Armenia
65%
Dialogue Partner Turkey
65%
Dialogue Partner Azerbaijan
63%
Observer Belarus
63%
Member Kyrgyzstan
63%
Dialogue Partner Nepal
58%
Dialogue Partner Cambodia
48%
Dialogue Partner Sri Lanka
46%
No matching quizzes found
Score Distribution
Percent of People with Each Score
Percentile by Number Answered
Your Score History
You have not taken this quiz since the last reset